| 000 | 00660nam a22001937a 4500 | ||
|---|---|---|---|
| 999 |
_c4030 _d4030 |
||
| 003 | AR-CdUCM | ||
| 008 | 190307b ||||| |||| 00| 0 spa d | ||
| 040 |
_aMUNICIPALIDAD PROVINCIAL DEL CUSCO _cBIBLIOTECA MUNICIPAL DEL CUSCO |
||
| 082 |
_a343.3 / _bH84 |
||
| 100 |
_aHuayhua C., Francisco _911772 |
||
| 245 | _aNación, poder, poder constituyente, constitución, poder constituido y Estado-- funciones del Estado, derecho, justicia / | ||
| 260 |
_aCusco : _c2017. |
||
| 300 |
_a364 páginas ; _c22 cm. |
||
| 650 |
_aEstado de Derecho _95266 |
||
| 650 |
_aDerecho constitucional _94734 |
||
| 650 |
_aFilosofía _9395 |
||
| 942 |
_2ddc _cLIBROS |
||
| 945 | _araen | ||